Educación y género

Guardat en:
Dades bibliogràfiques
Autor principal: Contreras M., María Eugenia (Autor)
Format: Llibre
Idioma:espanyol
Publicat: Santiago Sernam 2004
Matèries:
Etiquetes: Afegir etiqueta
Sense etiquetes, Sigues el primer a etiquetar aquest registre!

MARC

LEADER 00000cam a2200000 a 4500
001 UCK9196
003 CL-VaPUC
008 060421e20040000CL |||||||||||||||||spa|d
020 |a 956829404X 
082 0 4 |a 370.78  |b CON  |2 21 
100 0 |a Contreras M., María Eugenia  |e author  |9 498930 
245 1 0 |a Educación y género 
300 |a 55 p 
942 |c BK 
945 |d 20060421 00:00:00  |a jtorresc 
260 |a Santiago  |b Sernam  |c 2004 
650 0 |a Educación  |9 258661 
650 0 |a Mujeres  |9 257649 
650 7 |a ESCUELA  |2 CL-VaPUC  |9 347989 
650 0 |a Política educacional  |9 308011 
650 0 |a Educación básica   |9 224933 
650 7 |a PROGRAMAS EDUCACIONALES  |2 CL-VaPUC  |9 350144 
583 |a last modification  |c 20170703 05:02:19  |k Rodrigo Vera 
999 |c 316470  |d 316468 
952 |0 0  |1 0  |4 0  |6 370_780000000000000_CON_2004  |7 0  |8 A  |9 390865  |a BIBHIS  |b BIBHIS  |d 2019-11-22  |i 4159535  |o 370.78 CON 2004  |p 4159535  |r 2025-01-20  |w 2019-11-22  |y BK  |k HIS 
952 |0 0  |1 0  |3 erb  |4 0  |6 370_780000000000000_CON_2004  |7 0  |8 A  |9 390866  |a BIBEDU  |b BIBEDU  |c ES_NOD  |i 5404169  |o 370.78 CON 2004  |p 5404169  |r 2023-08-09  |w 2019-11-22  |y BK  |z Catalogado en:20170709  |k PAR